Existence of homoclinic orbit for second-order nonlinear difference equation

Elmentve itt :
Bibliográfiai részletek
Szerzők: Chen Peng
Xiao Li
Dokumentumtípus: Folyóirat
Megjelent: 2010
Sorozat:Electronic journal of qualitative theory of differential equations
Kulcsszavak:Nemlineáris differenciálegyenlet, Diszkrét variációs módszer, Homoklinikus pálya
Online Access:http://acta.bibl.u-szeged.hu/42295
LEADER 00758nas a2200193 i 4500
001 acta42295
005 20260224081030.0
008 170523s2010 hu o 000 hun d
022 |a 1417-3875 
040 |a SZTE Egyetemi Kiadványok Repozitórium  |b hun 
041 |a hun 
100 1 |a Chen Peng 
245 1 0 |a Existence of homoclinic orbit for second-order nonlinear difference equation  |h [elektronikus dokumentum] /  |c  Chen Peng 
260 |c 2010 
300 |a 1-14 
490 0 |a Electronic journal of qualitative theory of differential equations 
695 |a Nemlineáris differenciálegyenlet, Diszkrét variációs módszer, Homoklinikus pálya 
700 0 1 |a Xiao Li  |e aut 
856 4 0 |u http://acta.bibl.u-szeged.hu/42295/1/ejqtde_2010_072_001-014.pdf  |z Dokumentum-elérés